00881cam a22002657a 450000500170000000800410001701000100005801100100006803500100007808200150008810000220010324500740012526000250019930000220022459000410024659000410028759000410032859000420036965000230041165000310043471000650046590100070053094900610053799900170059820220329141254.0971010s1988 r 00010 d a65535 a66507 a74731 a631.43bC300aCalvet, R.917602 0aEtudes sur les transferts d'eau dans le systeme sol-plante-atmosphere aParis :bINRA,c1988 a362 p.b: gráfs aBATCH-UPDb10c20130110lUCH01h0822 aBATCH-UPDb10c20130410lUCH01h0500 aBATCH-UPDb10c20130914lUCH01h0425 aCONVERSIONb10c20130109lUCH01h133614aAtmósfera.9826014aSuelos y cultivos.91105710 aInstitut National de la Recherche Agronomique. Paris.959005 aBK a631.43 C3bScLIBROd-7629eLIBROh3770i74731sit89.26 c65535d65535